| 000 | 00646nas a2200193 a 4500 | ||
|---|---|---|---|
| 999 |
_c5576 _d5576 |
||
| 001 | 5576 | ||
| 003 | CDMR | ||
| 005 | 20181022123826.0 | ||
| 008 | 130130d20002006sp ||||||||||||spa||||||d | ||
| 040 |
_aCDMR _bcat _cCDMR |
||
| 245 | 0 | 0 | _aHoja del lunes de Alicante |
| 260 |
_bAsociación de la Prensa de Alicante _c2000-2006 |
||
| 300 | _av. | ||
| 362 | _aNúm. 1 (febr. 2000) - núm. 6 (gener 2001) ; 3a època, núm. 1 (gener 2004) - núm. 22 (febr. 2006) | ||
| 650 | 0 | 4 |
_94590 _aPeriodisme _zAlacant (País Valencià) _vRevistes |
| 650 | 0 | 4 |
_94580 _aButlletins d'informació |
| 710 | 2 |
_93889 _aAsociación de la Prensa de Alicante |
|
| 856 |
_uhttp://www.hojadellunes.com/ _yDisponible en línia |
||
| 942 |
_cSER _2udc |
||